Jesús contra Jesús / (Record no. 20082)

MARC details
000 -LEADER
campo de control de longitud fija 00699nam a2200241 i 4500
001 - NÚMERO DE CONTROL
campo de control 20082
003 - IDENTIFICADOR DE NÚMERO DE CONTROL
campo de control ES-MaACL
005 - FECHA Y HORA DE LA ÚLTIMA TRANSACCIÓN
campo de control 20230906152230.0
007 - CAMPO FIJO DE DESCRIPCIÓN FÍSICA--INFORMACIÓN GENERAL
campo de control de longitud fija t|
008 - DATOS DE LONGITUD FIJA--INFORMACIÓN GENERAL
campo de control de longitud fija 021125s2002 sp ||||1| spa d
020 ## - NÚMERO INTERNACIONAL ESTÁNDAR DEL LIBRO
Número Internacional Estándar del Libro 84-95722-10-0
080 ## - NÚMERO DE LA CLASIFICACIÓN DECIMAL UNIVERSAL
Número de la Clasificación Decimal Universal 232.9
080 ## - NÚMERO DE LA CLASIFICACIÓN DECIMAL UNIVERSAL
Número de la Clasificación Decimal Universal 94(3):226
100 1# - ENTRADA PRINCIPAL--NOMBRE DE PERSONA
Nombre de persona Mordillat, Gérard.
9 (RLIN) 83195
245 10 - MENCIÓN DEL TÍTULO
Título Jesús contra Jesús /
Mención de responsabilidad, etc. Gérard Mordillat y Jérôme Prieur.
250 ## - MENCION DE EDICION
Mención de edición 1ª ed.
260 ## - PUBLICACIÓN, DISTRIBUCIÓN, ETC.
Lugar de publicación, distribución, etc. Alzira :
Nombre del editor, distribuidor, etc. Algar,
Fecha de publicación, distribución, etc. 2002.
300 ## - DESCRIPCIÓN FÍSICA
Extensión 378 p. ;
Dimensiones 24 cm.
600 14 - PUNTO DE ACCESO ADICIONAL DE MATERIA--NOMBRE DE PERSONA
Nombre de persona Jesucristo-
Subdivisión general Historicidad.
9 (RLIN) 66367
630 #0 - PUNTO DE ACCESO ADICIONAL DE MATERIA--TÍTULO UNIFORME
Título uniforme Biblia-
Subdivisión general Historia de los hechos contemporáneos.
9 (RLIN) 119243
700 1# - ENTRADA AGREGADA--NOMBRE PERSONAL
Nombre de persona Prieur, Jérôme.
9 (RLIN) 93956
852 ## - LOCALIZACIÓN
Ubicación ES-MaACL
Número de control de estantería L-26005
Sublocalización o colección R.131877
Holdings
Estatus retirado Estado de pérdida Estado de daño No para préstamo Biblioteca de origen Biblioteca actual Ubicación en estantería Fecha de adquisición Fuente de adquisición Total de préstamos Signatura topográfica completa Código de barras Visto por última vez Precio de reemplazo Tipo de ítem Koha
        Biblioteca del Ateneo de Madrid Biblioteca del Ateneo de Madrid Depósito 2 17/01/2008     L-26005 1020583 23/02/2023 23/02/2023 Libro impreso